[Event "TCh-Paulista"]
[Site "Sao Paolo BRA"]
[Date "2011.03.13"]
[Round "7.10"]
[White "Van Riemsdijk,H"]
[Black "Coelho,L"]
[Result "1/2-1/2"]
[WhiteElo "2403"]
[BlackElo "2392"]

1.e4 c5 2.Nf3 Nc6 3.Nc3 d6 4.d4 cxd4 5.Nxd4 Nf6 6.Bc4 e6 7.Bb3 Be7 8.Be3 a6
9.f4 O-O 10.Qe2 Nxd4 11.Bxd4 b5 12.a3 Bb7 13.f5 e5 14.Bf2 Rc8 15.Nd5 Bxd5
16.exd5 Qa5+ 17.Qd2 Qxd2+ 18.Kxd2 Ne4+  1/2-1/2

[Event "ch-Southern FR Men"]
[Site "Armavir RUS"]
[Date "2011.03.15"]
[Round "4"]
[White "Gochelashvili,D"]
[Black "Kudelya,I"]
[Result "1-0"]
[WhiteElo "2431"]
[BlackElo "1976"]

1.e4 c5 2.Nc3 Nc6 3.Bb5 Nd4 4.Bc4 d6 5.Nge2 Nf6 6.d3 Nxe2 7.Qxe2 g6 8.e5 dxe5
9.Qxe5 Bg7 10.Qxc5 O-O 11.Bf4 b6 12.Qc6 Bd7 13.Qc7 Qxc7 14.Bxc7 Rac8 15.Be5 b5
16.Bb3 b4 17.Ne2 a5 18.a3 Bb5 19.axb4 a4 20.Bc4 Bxc4 21.dxc4 Rxc4 22.c3 Ra8
23.f3 Nd5 24.Bxg7 Kxg7 25.Kf2 Rc7 26.Rhd1 e6 27.Rd4 g5 28.Ra3 Nb6 29.b3 axb3
30.Rxa8 Nxa8 31.b5 Ra7 32.Rb4 Nb6 33.Rxb3 Ra2 34.Ke3 e5 35.Kd3 Ra4 36.g4 f6
37.Ng3 Kf7 38.Ne4 Ke7 39.Rb2 Ra3 40.Nd2 Na4 41.Rc2 Ke6 42.Kc4 Nb6+ 43.Kc5 Nd7+
44.Kc6 Ra8 45.c4 Rc8+ 46.Kb7 Rb8+ 47.Kc7 Rf8 48.c5 Rf7 49.c6 Nc5+ 50.Kb6 Na4+
51.Ka6 Kd6 52.Nc4+ Ke6 53.Nb6  1-0

[Event "Elitzur Winter GM"]
[Site "Petach Tikva ISR"]
[Date "2011.03.16"]
[Round "9"]
[White "Axelrod,A"]
[Black "Baron,Ta"]
[Result "0-1"]
[WhiteElo "2403"]
[BlackElo "2468"]

1.e4 c5 2.Nf3 Nc6 3.Nc3 Nf6 4.d4 cxd4 5.Nxd4 e5 6.Ndb5 d6 7.a4 a6 8.Na3 Bg4
9.Qd2 Be6 10.Bc4 Be7 11.O-O O-O 12.Rd1 Rc8 13.b3 Nd4 14.Bb2 Bxc4 15.Nxc4 b5
16.axb5 axb5 17.Ne3 Rxc3 18.Bxc3 Nxe4 19.Ba5 Nxd2 20.Bxd8 Ne2+ 21.Kh1 Ne4
22.Ng4 Rxd8 23.f3 N4c3 24.Rd3 f6 25.g3 Kf7 26.Ra7 b4 27.Ne3 Nd4 28.Rb7 d5
29.Rxd4 exd4 30.Nf5 Re8 31.Nd6+ Kf8 32.Nxe8 Kxe8 33.Kg1 Nd1 34.Kf1 Ne3+ 35.Ke2 Nxc2
36.Kd3 Na1 37.Kxd4 Nxb3+ 38.Kxd5 Kf7 39.f4 Nd2 40.f5 Nf1 41.Ke4 Nxh2 42.Kf4 g5+
43.Ke4 h5 44.Rb8 Nf1  0-1

[Event "1st Alpine Ski Open"]
[Site "Anzere SUI"]
[Date "2011.03.18"]
[Round "2.8"]
[White "Zaza,L"]
[Black "Makawitage,Sandu"]
[Result "1-0"]
[WhiteElo "1841"]
[BlackElo "1775"]

1.e4 c5 2.Nf3 Nc6 3.Nc3 d6 4.d4 cxd4 5.Nxd4 Nf6 6.Bg5 e6 7.Qd2 Be7 8.O-O-O Bd7
9.Ndb5 O-O 10.Nxd6 Bxd6 11.Qxd6 Ne8 12.Qxf8+ Kxf8 13.Bxd8 Rxd8 14.Bb5 Nf6
15.f3 Ke7 16.Rd2 Rc8 17.Rhd1 Be8 18.Ba4 a6 19.Bb3 Na5 20.Kb1 Bc6 21.Ne2 Nxb3
22.axb3 e5 23.Nc3 b5 24.Nd5+ Bxd5 25.exd5 Nd7 26.Rd3 b4 27.Re1 f5 28.g4 f4
29.Rd4 Kd6 30.Rxb4 Kxd5 31.Rd1+ Ke6 32.Rb7 Nf6 33.Rxg7 Nd5 34.Rxh7 Ne3 35.Rd2 Nxg4
36.fxg4 f3 37.Rh6+ Ke7 38.Rdd6 f2 39.Rhe6+ Kf7 40.Rf6+ Ke7 41.Rde6+ Kd7 42.Rxe5  1-0

[Event "5th Agzamov Mem"]
[Site "Tashkent UZB"]
[Date "2011.03.18"]
[Round "1"]
[White "Petrosian,TL"]
[Black "Khailaev,M"]
[Result "1-0"]
[WhiteElo "2620"]
[BlackElo "2170"]

1.e4 c5 2.Nc3 Nc6 3.Bb5 e6 4.Bxc6 dxc6 5.d3 Nf6 6.f4 Be7 7.Nf3 a5 8.a4 b6
9.O-O Ba6 10.Qe2 Qc7 11.Kh1 O-O-O 12.b3 Kb8 13.Ne5 Rhf8 14.Nd1 Nd7 15.Bb2 f6
16.Nc4 e5 17.fxe5 Nxe5 18.Nxe5 fxe5 19.Ne3 g6 20.Rxf8 Bxf8 21.Rf1 Bg7 22.Qf2 Bc8
23.Qf7 Rd7 24.Qg8 h6 25.Qe8 g5 26.Nf5 Rd8 27.Qg6 Rf8 28.Kg1 Bxf5 29.Rxf5 Kb7
30.Qe6 Qd8 31.Rxf8 Qxf8 32.Qd7+ Ka6 33.Qxc6 Qe7 34.Qa8+ Qa7 35.Qxa7+ Kxa7
36.Bc1 Bf6 37.h4 Kb7 38.hxg5 hxg5 39.Kf2 Kc6 40.Kf3 b5 41.axb5+ Kxb5 42.Bd2 a4
43.c4+ Kb6 44.bxa4  1-0

[Event "1st Alpine Ski Open"]
[Site "Anzere SUI"]
[Date "2011.03.19"]
[Round "4.4"]
[White "Zaza,L"]
[Black "Romanov,E"]
[Result "0-1"]
[WhiteElo "1841"]
[BlackElo "2624"]

1.e4 c5 2.Nf3 Nc6 3.Nc3 d6 4.d4 cxd4 5.Nxd4 Nf6 6.Bg5 e6 7.Qd2 a6 8.O-O-O Qb6
9.f4 Nxd4 10.Qxd4 Qxd4 11.Rxd4 Nh5 12.g4 h6 13.gxh5 hxg5 14.fxg5 Rxh5 15.h4 Be7
16.Bg2 Bd7 17.Kb1 Bc6 18.Ne2 g6 19.Rd3 O-O-O 20.Nd4 Bd7 21.Nf3 Rhh8 22.Nd4 Kb8
23.Rf3 Rdf8 24.Rb3 e5 25.Ne2 Rh7 26.Ng1 Bc6 27.Re3 f5 28.Ne2 f4 29.Rc3 Rfh8
30.Ng1 Rxh4 31.Rxh4 Rxh4 32.Nf3 Rg4 33.Bh3 Rg3  0-1

[Event "Kiev Spring 2011"]
[Site "Kiev UKR"]
[Date "2011.03.20"]
[Round "3.2"]
[White "Kernazhitsky,L"]
[Black "Babiy,P"]
[Result "1-0"]
[WhiteElo "2342"]
[BlackElo "2119"]

1.e4 c5 2.Nc3 Nc6 3.Bb5 g6 4.Bxc6 bxc6 5.d3 Bg7 6.Nge2 d6 7.Be3 Rb8 8.b3 h5
9.O-O Qa5 10.Qe1 e6 11.f4 Ne7 12.a3 Qc7 13.Qf2 a6 14.Rae1 O-O 15.e5 dxe5
16.Ne4 Nf5 17.Bxc5 Rd8 18.fxe5 Bxe5 19.g3 Rb5 20.Kg2 Bg7 21.a4 Rb7 22.h3 e5
23.Rh1 Nh6 24.Nf6+ Kh8 25.g4 Ng8 26.Nxg8 Kxg8 27.gxh5 gxh5 28.Ng3 Rd5 29.Nxh5 e4
30.Nxg7 Rg5+ 31.Kf1 Kxg7 32.dxe4 Qg3 33.Qxg3 Rxg3 34.h4 Rd7 35.Kf2 Kh7  1-0

[Event "ch-NCA 2011"]
[Site "Managua NCA"]
[Date "2011.03.20"]
[Round "8.3"]
[White "Madrigal,M"]
[Black "Flores,Man"]
[Result "1-0"]
[WhiteElo "2055"]
[BlackElo "2012"]

1.e4 c5 2.Nc3 Nc6 3.Bb5 g6 4.Bxc6 dxc6 5.d3 Bg7 6.f4 Nf6 7.Nf3 Bg4 8.O-O O-O
9.Qe1 c4 10.e5 Ne8 11.dxc4 Bxf3 12.Rxf3 Qd4+ 13.Kh1 Qxc4 14.b3 Qe6 15.Ne4 f6
16.Nc5 Qc8 17.Bb2 b6 18.Nd3 Nc7 19.Qh4 h6 20.exf6 exf6 21.f5 g5 22.Qc4+ Nd5
23.Nb4 b5 24.Nxd5 bxc4 25.Ne7+ Kf7 26.Nxc8 Rfxc8 27.bxc4 Re8 28.Kg1 Re4 29.Rd1 Rae8
30.Rd7+ R8e7 31.Rxe7+ Kxe7 32.Ra3 Rxc4 33.Rxa7+ Kf8 34.a4 Rxc2 35.Ba3+ Kg8  1-0

[Event "FIDE Zonal 3.5 2011"]
[Site "Tianjin CHN"]
[Date "2011.03.20"]
[Round "1"]
[White "Li,Aize"]
[Black "Yu Yangyi"]
[Result "0-1"]
[WhiteElo "2113"]
[BlackElo "2652"]

1.e4 c5 2.Ne2 Nc6 3.Nbc3 Nf6 4.g3 e6 5.Bg2 Be7 6.O-O O-O 7.d4 cxd4 8.Nxd4 d6
9.Be3 Bd7 10.h3 Nxd4 11.Qxd4 Bc6 12.a4 a6 13.Rfd1 Rc8 14.a5 Qc7 15.Qd2 Rfe8
16.g4 e5 17.g5 Nd7 18.h4 Nc5 19.Nd5 Bxd5 20.exd5 f5 21.f4 exf4 22.Bxf4 Bf8
23.Re1 Ne4 24.Bxe4 fxe4 25.c3 Qf7 26.Rad1 Qh5 27.Qf2 Rc5 28.Bg3 Rxa5 29.Rd4 Qf7
30.c4 Ra2 31.Qc2 Qf3 32.Kh2 a5 33.Rd2 a4 34.Rf2 Qb3 35.Qxb3 axb3 36.Re3 Ra4
37.Rxb3 Rxc4 38.Rxb7 Rd4 39.Re2 Rxd5 40.Rb4 g6 41.Bf4 Bg7 42.Rbxe4 Rxe4 43.Rxe4 Bxb2
44.Re8+ Kf7 45.Rb8 Bc3 46.Rb7+ Ke6 47.Rxh7 Kf5 48.Rc7 Be1 49.Rc4 Rd3 50.Bc1 Bg3+
51.Kg2 d5 52.Ra4 d4 53.Bb2 Be5 54.Bc1 Rd1 55.Ba3 d3 56.Ra8 d2 57.Rd8 Bc3  0-1

[Event "Angora Int 2011"]
[Site "Ankara TUR"]
[Date "2011.03.21"]
[Round "1"]
[White "Sanal,V"]
[Black "Doluhanova,E"]
[Result "0-1"]
[WhiteElo "2200"]
[BlackElo "2222"]

1.e4 c5 2.Nf3 Nc6 3.Nc3 e5 4.Bc4 Be7 5.d3 Nf6 6.O-O d6 7.Ng5 O-O 8.f4 Bg4
9.Qe1 exf4 10.Bxf4 h6 11.Nf3 Nh5 12.Be3 Na5 13.Bd5 Nc6 14.Qd2 Bf6 15.h3 Bxf3
16.Rxf3 Nd4 17.Rff1 Bg5 18.g4 Bxe3+ 19.Qxe3 Nf6 20.Rf2 Nxd5 21.Nxd5 Qh4 22.Raf1 Rae8
23.Kg2 Qg5 24.Qg3 Qe5 25.Qh4 Qg5 26.Qg3 Qe5 27.h4 Qxg3+ 28.Kxg3 Re5 29.Ne3 Re6
30.g5 hxg5 31.hxg5 Rg6 32.Kh4 f6 33.gxf6 gxf6 34.Ng4 Kg7 35.Kg3 Nc6 36.Kf4 Rh8
37.Ne3 Rh4+  0-1

[Event "ch-VIE Men"]
[Site "Da Lat VIE"]
[Date "2011.03.21"]
[Round "2.16"]
[White "Nguyen Tan Thinh"]
[Black "Nguyen Van Thanh"]
[Result "0-1"]
[WhiteElo "1938"]
[BlackElo "2156"]

1.e4 c5 2.Nf3 Nc6 3.Nc3 g6 4.d3 Bg7 5.Be3 d6 6.Be2 Nf6 7.O-O O-O 8.Qd2 Ng4
9.Bg5 h6 10.Bh4 Kh7 11.Rab1 f5 12.exf5 Bxf5 13.Nd5 Qd7 14.Ne3 Be6 15.Nxg4 Bxg4
16.c3 e5 17.Qe3 Rae8 18.Nd2 Be6 19.a3 a5 20.Bf3 a4 21.Bd1 Ne7 22.Bxe7 Rxe7
23.Ne4 b6 24.Bc2 Bd5 25.Qg3 Rf4 26.f3 Bb3 27.Qf2 Be6 28.Rbd1 d5 29.Ng3 Rf8
30.h4 d4 31.c4 Bf5 32.Rde1 h5 33.Nxf5 Rxf5 34.Re4 Bh6 35.Qe2 Be3+ 36.Kh2 g5
37.g3 Rg7 38.Rh1 Kg8 39.Bd1 Qf7 40.Rf1 Qg6 41.g4 hxg4 42.Rxg4 Rf4 43.Qg2 Rxg4
44.fxg4 Bf4+ 45.Rxf4 exf4 46.Qa8+ Kh7 47.Bf3 Re7 48.Qf8 Re8  0-1

[Event "ch-VIE Women"]
[Site "Da Lat VIE"]
[Date "2011.03.21"]
[Round "3.1"]
[White "Tran Le Dan Thuy"]
[Black "Nguyen Thi Thanh An"]
[Result "0-1"]
[WhiteElo "1730"]
[BlackElo "2349"]

1.e4 c5 2.Nc3 Nc6 3.Nf3 d6 4.d4 cxd4 5.Nxd4 Nf6 6.Bc4 e6 7.O-O a6 8.a3 Qc7
9.Ba2 Be7 10.Be3 Ne5 11.Qe2 Bd7 12.h3 Rc8 13.Rad1 Nc4 14.Bxc4 Qxc4 15.Qxc4 Rxc4
16.f3 O-O 17.Nb3 Rcc8 18.Bg5 h6 19.Bh4 Rfd8 20.Rf2 Bc6 21.Rfd2 b5 22.Nd4 Bb7
23.f4 g5 24.fxg5 Nxe4 25.Re2 Nxc3 26.bxc3 hxg5 27.Be1 Bf6 28.Rf2 Be5 29.Bd2 Bxd4
30.cxd4 Rxc2 31.Bxg5 Rxf2 32.Kxf2 f6 33.Bc1 Rc8 34.g3 Be4 35.h4 Rc3 36.g4 Rf3+
37.Ke2 Rh3 38.Rg1 Rxh4 39.Ke3 Bd5 40.Rg3 Kf7 41.Kd3 Rh1 42.Bd2 Rb1 43.Kc2 Be4+
44.Kc3 a5 45.g5 a4 46.Bf4 e5 47.Re3 Bf5 48.dxe5 fxe5 49.Bg3 b4+ 50.Kd2 b3
51.Bxe5 dxe5 52.Rxe5 Kg6 53.Rb5 Ra1  0-1

[Event "Angora Int 2011"]
[Site "Ankara TUR"]
[Date "2011.03.22"]
[Round "3"]
[White "Topak,E"]
[Black "Doluhanova,E"]
[Result "1/2-1/2"]
[WhiteElo "2308"]
[BlackElo "2222"]

1.e4 c5 2.Nf3 Nc6 3.Nc3 Nf6 4.g3 d5 5.exd5 Nxd5 6.Bg2 Nxc3 7.bxc3 e6 8.O-O Be7
9.c4 Bf6 10.Rb1 O-O 11.a3 Rb8 12.d3 b6 13.Bf4 e5 14.Be3 Bb7 15.Nd2 Nd4 16.Bxb7 Rxb7
17.Bxd4 Qxd4 18.Ne4 Bd8 19.Qe1 f5 20.Nc3 Re7 21.Nd5 Re6 22.Qe3 Qg4 23.f3 Qh5
24.Rbe1 Rfe8 25.Qe2 Qg6 26.Kh1 Qf7 27.g4 Bh4 28.Rd1 Rh6 29.Rg1 Rf8 30.Rdf1 Re6
31.Qg2 Rg6 32.Qe2 Re6 33.Ne3 f4 34.Nd5 Bd8 35.Qe4 Qd7 36.Nc3 Bc7 37.Qb7 Qc6
38.Qxc6 Rxc6 39.Nd5 Kf7 40.Re1 Re8 41.Re4 Bd6 42.a4 g5 43.Kg2 h5 44.gxh5 Rh8
45.Re2 Rxh5 46.Nc3 Bc7 47.Ne4 Rch6 48.Rh1 Kg6 49.Nf2 Kf7 50.Ng4 Re6 51.Rg1 Rh8
52.Rb1 Ree8 53.Nf2 Re6 54.h3 Rhh6 55.Ne4 Re8 56.Nc3 Reh8 57.Nd5 Bd8 58.Nc3 Bc7
59.Ne4 Bd8  1/2-1/2

[Event "Angora Int 2011"]
[Site "Ankara TUR"]
[Date "2011.03.23"]
[Round "5"]
[White "Emiroglu,C"]
[Black "Doluhanova,E"]
[Result "1/2-1/2"]
[WhiteElo "2181"]
[BlackElo "2222"]

1.e4 c5 2.Nf3 Nc6 3.Nc3 Nf6 4.Bb5 Qc7 5.O-O a6 6.Bxc6 dxc6 7.e5 Nd5 8.Ne4 Bg4
9.Nxc5 e6 10.Ne4 Bxf3 11.Qxf3 Qxe5 12.c3 Nf6 13.Nxf6+ Qxf6 14.Qxf6 gxf6 15.d4 Bd6
16.Be3 Rg8 17.Rad1 f5 18.Rd3 Ke7 19.Rfd1 Rg6 20.c4 Rag8 21.g3 f4 22.Bc1 fxg3
23.hxg3 h5 24.Kf1 Rg4 25.c5 Bc7 26.Rb3 Rb8 27.Ke2 b5 28.cxb6 Rxb6 29.Rxb6 Bxb6
30.Bf4 Rg8 31.Be3 Rd8 32.Rc1 Kd6 33.Rh1 Rh8 34.Kd3 Kd5 35.f3 f5 36.Rh3 Bd8
37.g4 fxg4 38.fxg4 h4 39.g5 Be7 40.Bf4 Rh5 41.Re3 Bd6 42.Bxd6 Kxd6 43.Rh3 Rxg5
44.Rxh4 Kd5 45.Re4 Rg3+ 46.Re3 Rxe3+ 47.Kxe3 a5 48.b3 c5 49.dxc5 Kxc5 50.a3 Kd5  1/2-1/2

[Event "5th Agzamov Mem"]
[Site "Tashkent UZB"]
[Date "2011.03.24"]
[Round "7"]
[White "Dzhumaev,M"]
[Black "Vakhidov,J"]
[Result "1-0"]
[WhiteElo "2465"]
[BlackElo "2295"]

1.e4 c5 2.Nf3 Nc6 3.Nc3 g6 4.g3 Bg7 5.Bg2 e5 6.d3 Nge7 7.Nd2 d6 8.Nc4 Be6
9.O-O O-O 10.Nd5 b5 11.Nce3 Rc8 12.c3 b4 13.Bd2 bxc3 14.bxc3 f5 15.f4 Qd7
16.Nc4 exf4 17.gxf4 Bf7 18.Qa4 Rfd8 19.Nce3 Nxd5 20.exd5 Ne7 21.Qa6 Rb8 22.Rab1 Bh6
23.Qc4 Rb6 24.Rb3 Rxb3 25.axb3 Qb7 26.Qa4 Rb8 27.b4 cxb4 28.cxb4 Nxd5 29.Qa5 Qb5
30.Bxd5 Bxd5 31.Nxd5 Qxa5 32.bxa5 Rb3 33.Bc3 Bg7 34.Bxg7 Kxg7 35.Rc1 Kf7
36.Rc7+ Ke6 37.Ne7 Rxd3 38.Rxa7 Rc3 39.a6 Ra3 40.Nc6 Kd5 41.Rc7 Ke4 42.a7 Kf3
43.Nd4+ Kxf4 44.Nb5  1-0

[Event "TCh-CAT Div Hon"]
[Site "Barcelona ESP"]
[Date "2011.03.26"]
[Round "9"]
[White "Llaneza Vega,V"]
[Black "Cuartas,Ja"]
[Result "1-0"]
[WhiteElo "2008"]
[BlackElo "2537"]

1.e4 c5 2.Nf3 Nc6 3.Nc3 g6 4.Bb5 Bg7 5.O-O d6 6.e5 dxe5 7.Bxc6+ bxc6 8.Re1 f6
9.b3 Nh6 10.Ba3 Nf7 11.Bxc5 f5 12.d4 e4 13.Nd2 O-O 14.Nc4 Nd6 15.Ne5 Qc7
16.f4 Nb7 17.Na4 Rd8 18.c3 Rd5 19.Qe2 Nxc5 20.Nxc5 Bxe5 21.fxe5 Rxc5 22.dxc5 Qxe5
23.Qe3 Be6 24.Rad1 Kf7 25.Rd4 h5 26.Rf1 Ke8 27.Qh6 Kf7 28.Kh1 Bd5 29.Qe3 Kg7
30.Rb4 Rf8 31.g3 h4 32.Rb7 hxg3 33.hxg3 a5 34.Kg2 Qf6 35.Rd1 f4 36.gxf4 Qe6
37.Kg3 g5 38.Rf1 Qg6 39.f5 Qh5 40.Rxe7+ Kf6 41.Re6+ Kf7 42.Rxe4 Rh8 43.Rh1 Qxh1
44.Re7+ Kf8 45.Re8+ Kg7 46.Qxg5+  1-0

[Event "1st Armen Norouz Cup"]
[Site "Esfahan IRI"]
[Date "2011.03.26"]
[Round "2"]
[White "Nazemi,P"]
[Black "Roohparvar,A"]
[Result "1/2-1/2"]
[WhiteElo "1905"]
[BlackElo "2060"]

1.e4 c5 2.Nf3 Nc6 3.Nc3 Nf6 4.Bb5 Qc7 5.O-O a6 6.Bxc6 dxc6 7.h3 e5 8.d3 h6
9.Ne2 g5 10.Nh2 Be6 11.Ng3 O-O-O 12.b3 Qd7 13.Bb2 Bd6 14.Qf3 Ne8 15.Nh5 Qe7
16.Ng4 f6 17.Ne3 Ng7 18.Nxg7 Qxg7 19.g4 h5 20.Kg2 hxg4 21.hxg4 Rh4 22.Rh1 Rdh8
23.Nf5 Bxf5 24.Qxf5+ Qd7 25.Qxd7+ Kxd7 26.f3 b5 27.Rxh4 Rxh4 28.Rh1 Rxh1
29.Kxh1 Kc7 30.Kg2 Kb6 31.Kf1 a5 32.Ke2 a4 33.bxa4 b4 34.c4 Ka5 35.Kd2 Kxa4
36.Kc2 Bc7 37.Bc1 Ba5 38.Kb2 Bc7  1/2-1/2

[Event "1st Armen Norouz Cup"]
[Site "Esfahan IRI"]
[Date "2011.03.27"]
[Round "4"]
[White "Shah Moradi,Mohammad"]
[Black "Roohparvar,A"]
[Result "1-0"]
[WhiteElo "2021"]
[BlackElo "2060"]

1.e4 c5 2.Nf3 Nc6 3.Nc3 g6 4.d4 Bg7 5.Be3 cxd4 6.Nxd4 Nf6 7.Bc4 d6 8.f3 O-O
9.Qd2 Bd7 10.O-O-O Qa5 11.Kb1 Ne5 12.Bb3 Rfc8 13.g4 Nc4 14.Bxc4 Rxc4 15.h4 h5
16.gxh5 Nxh5 17.Rhg1 Rac8 18.Rg5 Qd8 19.Rdg1 Kh7 20.Qg2 Bxd4 21.Rxh5+ Kg7
22.Bxd4+ Rxd4 23.Qg5 e6 24.Qh6+ Kf6 25.e5+ dxe5 26.Qg5+ Kg7 27.Qxe5+ Qf6
28.Rh7+  1-0

[Event "Zonal 2.3 Caribbean 2011"]
[Site "Santiago de los Caballeros DOM"]
[Date "2011.03.27"]
[Round "13"]
[White "Lorenzana,W"]
[Black "Arenas,D"]
[Result "0-1"]
[WhiteElo "2227"]
[BlackElo "2420"]

1.e4 c5 2.Nf3 Nc6 3.Nc3 g6 4.d4 cxd4 5.Nxd4 Bg7 6.Nb3 Nf6 7.Be2 O-O 8.O-O d6
9.Re1 a6 10.Be3 b5 11.Nd5 Nd7 12.c3 Bb7 13.Bf1 e6 14.Nf4 Nde5 15.a4 Nc4 16.Bc1 Qb6
17.Nd2 N6e5 18.b3 Na5 19.Ra2 Rac8 20.axb5 axb5 21.Nb1 Ra8 22.Be3 Qc7 23.f3 Bc6
24.Ne2 d5 25.exd5 Bxd5 26.Nd4 Rfd8 27.Rd2 Qb7 28.Qc2 Nec6 29.Nxb5 Bxb3 30.Qb2 Bd5
31.N1a3 Ne5 32.Red1 Rdc8 33.Qb1 Qe7 34.Rb2 h5 35.h3 Kh7 36.f4 Nec4 37.Nxc4 Nxc4
38.Bxc4 Rxc4 39.Bd4 Bxd4+ 40.Rxd4 Rxd4 41.Nxd4 Qh4 42.Rf2 Qg3 43.Qc1 Qd3
44.Qc2 Ra1+ 45.Kh2 Qc4 46.Qd2 Ra3 47.Ne2 Ra2 48.Qe3 Rc2 49.h4 Qc7 50.Qd3 Ra2
51.Qd4 Qe7 52.Kg3 Qc7 53.Qe5 Qc4 54.Qe3 Rc2 55.Kh2 Bc6 56.Nd4 Rxc3 57.Qe5 Bd5
58.Qf6 Kg8 59.Rb2 Qc8 60.Nb5 Rb3 61.Rxb3 Bxb3 62.Qxf7+ Kxf7 63.Nd6+ Ke7 64.Nxc8+ Kd7  0-1

[Event "1st Armen Norouz Cup"]
[Site "Esfahan IRI"]
[Date "2011.03.29"]
[Round "7"]
[White "Naderi,M"]
[Black "Javanbakht,N"]
[Result "0-1"]
[WhiteElo "2084"]
[BlackElo "2268"]

1.e4 c5 2.Nf3 Nc6 3.Nc3 e5 4.Bc4 d6 5.d3 Be7 6.Nd2 Nf6 7.Nf1 Bg4 8.f3 Be6
9.Ne3 O-O 10.O-O a6 11.a4 Nb4 12.f4 exf4 13.Rxf4 d5 14.exd5 Nbxd5 15.Ncxd5 Nxd5
16.Nxd5 Bxd5 17.Bxd5 Qxd5 18.Qf3 Qxf3 19.Rxf3 Bf6 20.Be3 Rac8 21.Kf2 Rfd8
22.Rf4 Rd5 23.Re4 g6 24.h3 Kg7 25.Ke2 Re5 26.Rxe5 Bxe5 27.Ra3 Bxb2 28.Rb3 Bd4
29.Bxd4+ cxd4 30.Rxb7 Rxc2+ 31.Kf3 Rd2 32.Ke4 Rxg2 33.Kxd4 Rg3 34.Ra7 Rxh3
35.Rxa6 h5 36.Ra8 h4 37.a5 Rh2 38.Kc3 Ra2 39.Kb3 Ra1 40.Kb2 h3  0-1

[Event "1st Armen Norouz Cup"]
[Site "Esfahan IRI"]
[Date "2011.03.29"]
[Round "7"]
[White "Harutjunyan,G"]
[Black "Shah Moradi,Mohammad"]
[Result "1-0"]
[WhiteElo "2468"]
[BlackElo "2021"]

1.e4 c5 2.Nc3 Nc6 3.Bb5 Nd4 4.Bc4 g6 5.Nf3 Bg7 6.Nxd4 cxd4 7.Qf3 Nf6 8.Ne2 Qc7
9.d3 b5 10.Bb3 e5 11.Bg5 Qb6 12.a4 bxa4 13.Rxa4 O-O 14.h3 Bb7 15.O-O h6 16.Bd2 Kh8
17.Rb4 Qc6 18.Ra1 Kh7 19.Ra5 d6 20.Ng3 Qc7 21.Rba4 Bc6 22.Ra3 Nd7 23.Qd1 Nc5
24.Bc4 Rfb8 25.b4 Ne6 26.Qa1 a6 27.Qa2 Nf4 28.Rxa6 Rxa6 29.Rxa6 Rb7 30.Bxf7 Bb5
31.Bg8+ Kh8 32.Ra8 Rb8 33.Bc4 Bxc4 34.Qxc4 Qxc4 35.Rxb8+ Qg8 36.Rxg8+ Kxg8
37.Bxf4 exf4 38.Ne2 g5 39.b5 Be5 40.b6 Kf7 41.b7 d5 42.Nxd4  1-0

[Event "Telin International Open"]
[Site "Jakarta INA"]
[Date "2011.04.01"]
[Round "1.2"]
[White "Hukom,D"]
[Black "Zhang Zhong"]
[Result "0-1"]
[WhiteElo "2114"]
[BlackElo "2592"]

1.e4 c5 2.Nf3 Nc6 3.Nc3 d6 4.d4 cxd4 5.Nxd4 Nf6 6.Be2 e5 7.Nb3 Be7 8.O-O O-O
9.f4 a5 10.a4 Nb4 11.Kh1 b6 12.Be3 Bb7 13.Bf3 Qc7 14.Rc1 Rfe8 15.Qe2 Bc6
16.Qf2 Rab8 17.Nd2 Bf8 18.Qg3 Kh8 19.fxe5 dxe5 20.Bg5 Ng8 21.Bh5 g6 22.Be2 f6
23.Be3 Red8 24.Bc4 Bg7 25.Bb3 Na6 26.Nd5 Bxd5 27.Bxd5 Ne7 28.Ba2 Nc5 29.Qh4 Qc6
30.Rf3 g5 31.Qg4 Qxa4 32.Bf7 Rxd2 33.Bxd2 Nxe4 34.Be6 f5 35.Qh5 Nxd2 36.Rh3 h6
37.Qxg5 Qf4 38.Qxe7 Ne4  0-1

[Event "TCh-NOR Attack-serien 2010-11"]
[Site "Oslo NOR"]
[Date "2011.04.02"]
[Round "8"]
[White "Gabrielsen,T"]
[Black "Sorgjerd,J"]
[Result "1-0"]
[WhiteElo "2270"]
[BlackElo "2131"]

1.e4 c5 2.Nc3 Nc6 3.Bb5 d6 4.f4 Bd7 5.Nf3 e6 6.O-O Nge7 7.a4 Nd4 8.Bc4 Nec6
9.d3 Be7 10.Ne2 Nxf3+ 11.Rxf3 Nd4 12.Nxd4 cxd4 13.Rg3 Bf6 14.Qe2 Qc7 15.Bd2 g6
16.Bb3 Rc8 17.Rf1 Bc6 18.f5 gxf5 19.Qh5 Qe7 20.exf5 e5 21.Qh6 Kd7 22.Bg5 Bxg5
23.Rxg5 Rcg8 24.f6 Qe8 25.Rg7 Kd8 26.Qh5 Rf8 27.Bxf7 Rxf7 28.Qxf7 Qxf7 29.Rxf7 Rg8
30.Rg7  1-0

[Event "Telin International Open"]
[Site "Jakarta INA"]
[Date "2011.04.03"]
[Round "3.3"]
[White "Torre,E"]
[Black "Hamdani,R"]
[Result "1-0"]
[WhiteElo "2495"]
[BlackElo "2368"]

1.e4 c5 2.Ne2 Nc6 3.Nbc3 g6 4.g3 Bg7 5.Bg2 d6 6.O-O e5 7.Nd5 Nge7 8.Nxe7 Nxe7
9.c3 O-O 10.d4 cxd4 11.cxd4 exd4 12.Nxd4 Qb6 13.Nb3 Be6 14.Be3 Qb4 15.Nd4 Bc4
16.Re1 Qxb2 17.a4 Ba6 18.Rb1 Qa2 19.Nb5 Nc6 20.Re2 Qe6 21.Rd2 Qe7 22.Rxd6 Rfd8
23.Rd5 Nb4 24.Bc5 Rxd5 25.Bxe7 Rxd1+ 26.Rxd1 Nc6 27.Bc5 Bxb5 28.axb5 Ne5
29.f4 b6 30.Bb4 Nc4 31.e5 Ne3 32.Bxa8 Nxd1 33.Bd6 Bf8 34.Bb8 Bc5+ 35.Kg2 Ne3+
36.Kh3 h5 37.Bxa7 Kf8 38.Be4 Ke7 39.Bb1 Ke8 40.Ba2 Ke7 41.Bb8 f5 42.exf6+ Kxf6
43.Be5+ Ke7 44.Kh4 Ng4 45.Kg5 Bg1 46.h4 Nxe5 47.fxe5 Be3+ 48.Kxg6 Bf2 49.Kxh5 Bxg3
50.e6 Kf6 51.Kg4 Be1 52.Bc4 Bd2 53.Kf3 Be1 54.h5 Bb4 55.Ke4 Bd2 56.Kd5 Ke7
57.Ke5 Bc1 58.Kf5 Kf8 59.Kg6 Bd2 60.h6 Bc1 61.e7+ Kxe7 62.Kg7  1-0

[Event "TCh-NOR Attack-serien 2010-11"]
[Site "Oslo NOR"]
[Date "2011.04.03"]
[Round "9"]
[White "Hansen,TR"]
[Black "Kockum,A"]
[Result "1-0"]
[WhiteElo "2439"]
[BlackElo "2322"]

1.e4 c5 2.Nf3 Nc6 3.Nc3 g6 4.Bb5 Bg7 5.O-O e5 6.Bxc6 dxc6 7.d3 Qe7 8.a3 Nf6
9.h3 O-O 10.Be3 Ne8 11.b4 cxb4 12.axb4 b5 13.Bc5 Nd6 14.d4 Rd8 15.dxe5 Bxe5
16.Qe1 f6 17.Rd1 Qc7 18.Nxe5 fxe5 19.Qe3 Nf7 20.Ra1 Be6 21.Bxa7 Qe7 22.Bb6 Rdb8
23.Bc5 Qh4 24.Rfd1 Re8 25.Ra5 Ng5 26.Rda1 Rad8 27.Ra7 Rd7 28.Rxd7 Bxd7 29.Ra7 Be6
30.Rc7 Qh5 31.Be7 Nf7 32.g4 Bxg4 33.hxg4 Qxg4+ 34.Qg3 Qe6 35.Bc5 Ra8 36.Ra7 Rxa7
37.Bxa7 Qd7 38.Bc5 Qd2 39.Qd3 Qc1+ 40.Kg2 Qg5+ 41.Kf1 h5 42.Ne2 Qg4 43.Ng1 h4
44.Qf3 Qe6 45.Qh3 Qc4+ 46.Qd3 Qe6 47.Qb3 Qg4 48.f3 Qd7 49.Qd3 Qe6 50.Kg2 g5
51.Qd1 Kg7 52.Nh3 Kg6 53.Nf2 Qc8 54.Ng4 Kh5 55.Qa1 Nh6 56.Nxh6  1-0

[Event "Karposh Open"]
[Site "Skopje MKD"]
[Date "2011.04.03"]
[Round "3"]
[White "Smith,Bry"]
[Black "Stojanovic,Andj"]
[Result "1/2-1/2"]
[WhiteElo "2466"]
[BlackElo "2318"]

1.e4 c5 2.Nc3 Nc6 3.Bb5 Nd4 4.Bc4 g6 5.Nf3 Bg7 6.Nxd4 cxd4 7.Qf3 Nh6 8.d3 O-O
9.Ne2 Ng4 10.Qg3 Ne5 11.Bb3 Nc6 12.h4 Na5 13.h5 Nxb3 14.axb3 e5 15.f4 exf4
16.Nxf4 g5 17.Nd5 h6 18.Qd6 Re8 19.O-O Re6 20.Qc7 Qf8 21.Rf5 Rc6 22.Qg3 d6
23.Bxg5 hxg5 24.Rxg5 Kh8 25.Rf1 Be6 26.Nf4 Be5 27.Ng6+ fxg6 28.Rxf8+ Rxf8
29.Rxe5 dxe5 30.Qxe5+ Kh7 31.hxg6+ Kxg6 32.c3 dxc3 33.bxc3 Bxb3 34.c4 Bd1
35.d4 Rcf6 36.Qg3+ Kh6 37.e5 Rf1+ 38.Kh2 R8f5 39.Qe3+ Kg6 40.Qe4 Kh6 41.Qe3+ Kg6
42.Qe4 Kh6 43.Qe3+  1/2-1/2

[Event "FSFMA April"]
[Site "Budapest HUN"]
[Date "2011.04.04"]
[Round "3"]
[White "Juracsik,J"]
[Black "Darazs,Z"]
[Result "0-1"]
[WhiteElo "2228"]
[BlackElo "2218"]

1.e4 c5 2.Nf3 Nc6 3.Nc3 Nf6 4.Bb5 Nd4 5.Bc4 d6 6.h3 e6 7.O-O Be7 8.Re1 O-O
9.a4 Rb8 10.Nxd4 cxd4 11.Nb5 Qb6 12.a5 Qc5 13.d3 a6 14.b4 Qe5 15.f4 Qh5 16.Nxd6 Bxd6
17.e5 Bxb4 18.exf6 Qxd1 19.Rxd1 gxf6 20.Ba3 Bxa3 21.Rxa3 Bd7 22.Kf2 Bc6 23.Rb3 Rfd8
24.Rdb1 Rbc8 25.R1b2 Kg7 26.Rb4 Kg6 27.Rb6 h5 28.h4 Rc7 29.Bb3 Bb5 30.Rb1 Rdd7
31.Re1 Rc5 32.g3 Bc6 33.Ra1 e5 34.Rb4 e4 35.dxe4 Bxe4 36.Ra2 Rc3 37.Raa4 Bxc2
38.Bxc2+ Rxc2+ 39.Kf3 Rc3+ 40.Kg2 d3 41.Rd4 Rxd4 42.Rxd4 Rc5 43.Rxd3 Rxa5
44.Rd7 Rb5 45.Kf3 a5 46.Ke4 a4 47.f5+ Rxf5 48.Rxb7 Ra5 49.Rb2 a3 50.Ra2 Ra4+
51.Ke3 Kf5 52.Kf3 Ke5 53.Ke3 Kd5 54.Kd2 Ke4 55.Ke2 f5 56.Kf2 Kd3 57.Kf3 Kc3
58.Kg2 Kb3 59.Rf2 a2 60.Rf3+ Kb4 61.Rf4+ Kb5 62.Rxf5+ Kc6 63.Rf6+  0-1

[Event "Telin International Open"]
[Site "Jakarta INA"]
[Date "2011.04.04"]
[Round "5.9"]
[White "Panggabean,H"]
[Black "Ardiansyah,H"]
[Result "0-1"]
[WhiteElo "2191"]
[BlackElo "2373"]

1.e4 c5 2.Nc3 Nc6 3.Nf3 e6 4.Bb5 Nge7 5.O-O a6 6.Bxc6 Nxc6 7.d3 d6 8.Bg5 f6
9.Bd2 Be7 10.Ne1 O-O 11.f4 d5 12.Nf3 b5 13.exd5 exd5 14.Qe2 b4 15.Nd1 Bg4
16.c3 Re8 17.Ne3 Bf8 18.Qf2 bxc3 19.bxc3 Bh5 20.g4 Bf7 21.Ng2 Rb8 22.Rfb1 Qa5
23.Be1 Qa3 24.Qc2 c4 25.d4 Nb4 26.Qd2 Nd3 27.Bg3 Rb5 28.f5 Re4 29.h3 Bd6
30.Bxd6 Qxd6 31.a4 Rxb1+ 32.Rxb1 a5 33.Nh2 h6 34.Rf1 Qb8 35.h4 Qe8 36.Rf3 Re2
37.Qd1 Ra2 38.Rf1 Rxa4 39.g5 hxg5 40.hxg5 Bh5 41.Qd2 Qe2 42.Qxe2 Bxe2 43.Rb1 fxg5
44.Ne3 Nf4 45.Nhg4 Bxg4 46.Nxg4 Ra2 47.Ne5 Ne2+ 48.Kh1 Ng3+ 49.Kg1 Nxf5 50.Rb8+ Kh7
51.Ra8 Ne3 52.Nd7 Rc2 53.Rxa5 Rxc3  0-1

[Event "ch-CHN 2011"]
[Site "Xinghua Jiangsu CHN"]
[Date "2011.04.04"]
[Round "6"]
[White "Hou Yifan"]
[Black "Yu Yangyi"]
[Result "1-0"]
[WhiteElo "2602"]
[BlackElo "2652"]

1.e4 c5 2.Nf3 Nc6 3.Nc3 Nf6 4.Bb5 g6 5.h3 Bg7 6.e5 Ng8 7.Bxc6 dxc6 8.d3 Nh6
9.g4 O-O 10.Qe2 f6 11.Be3 Nf7 12.O-O-O fxe5 13.Nd2 b6 14.h4 h6 15.Nde4 Be6
16.Rdg1 a5 17.Kb1 a4 18.a3 Ra7 19.Qd2 Kh8 20.f3 c4 21.Ng5 hxg5 22.Qh2 Kg8
23.hxg5 Nh8 24.Qh7+ Kf7 25.f4 cxd3 26.f5 dxc2+ 27.Kc1 Bc4 28.Rh2 Rg8 29.f6 exf6
30.gxf6 Ke8 31.Rd2 Qxf6 32.Ne4 Qe6 33.Nd6+ Kf8 34.Nxc4 Nf7 35.Bxb6 Qxc4  1-0